| 000 | 00504nam a2200181Ia 4500 | ||
|---|---|---|---|
| 999 |
_c28335 _d28335 |
||
| 003 | OSt | ||
| 005 | 20201117125554.0 | ||
| 008 | 190216s9999||||xx |||||||||||||| ||und|| | ||
| 020 | _a9798188582340 | ||
| 040 | _coclc | ||
| 082 |
_a894.8123 _bBAL/C |
||
| 100 |
_aBalachandran, G _96679 |
||
| 245 | 0 |
_aChilanthi / _cG Balachandran |
|
| 260 |
_bGreen Books, _c2004. _aThrissur: |
||
| 300 | _a288p | ||
| 650 | _aMalayalam Novel | ||
| 942 |
_cBK _2ddc _h894.8123 _iBAL/C _k894.8123 _mBAL/C |
||